000 00722nam a2200241 i 4500
001 bg
100 1 _aSkowronek, Czesław.
245 1 0 _aLogistyka w przedsiębiorstwie /
_cCzesław Skowronek, Zdzisław Sarjusz-Wolski.
260 _aWarszawa :
_bPańst. Wydaw. Ekonomiczne,
_c1995.
300 _a272 s. :
_brys., wykr. ;
_c21 cm.
504 _aBibliogr. s. 271-272.
650 9 _aLogistyka gospodarcza
650 9 _aPrzedsiębiorstwo
_xorganizacja
655 _aPodręczniki akademickie
700 1 _aSarjusz-Wolski, Zdzisław.
020 _a8320809886
040 _cBPK
041 _apol
080 _a658.1/.5(075.8)
920 _a83-208-0988-6
942 _cKS
008 s pl f |000 0 pol
999 _c24694
_d24694
856 _uhttp://koha.tu.koszalin.pl/cgi-bin/koha/opac-detail.pl?biblionumber=24694
_yKatalog online BPK